00640 2200217 4500001002100000005001500021035002000036007000300056008004100059020002200100082001000122084001600132100001300148245011900161260003500280300004200315650001500357650001000372990002000382990002000402INLIS00000000000305620260602061358 a0010-0626000007ta260602 f 0 ind  a978-623-5295-59-6 a633.7 a633.7 LEN t0 aLengkang1 aTeknik Sambung Tanaman Kakao Secara Praktis :bSambung Samping (Side Grafting) dan Sambung Pucuk (Coupon Grafting) aYogyakarta :bPlantaxia,c2023 axii + 52 hlm. :bilus. ;c17 x 24 cm. 4aPerkebunan 4aKakao a20260609.03.003 a20260609.03.004